| 000 | 00568nam a2200193 a 4500 | ||
|---|---|---|---|
| 001 | 657 | ||
| 003 | CDMR | ||
| 005 | 20130416194057.0 | ||
| 008 | 130130s2000||||||||||||||||||||||||||||d | ||
| 020 | _a8473066103 | ||
| 040 |
_aCDMR _bcat _cCDMR |
||
| 100 | 1 |
_aMartí Martí, Josep Maria _9498 |
|
| 245 | 1 | 0 |
_aDe la idea a l'antena _b: tècniques de programació radiofònica _cJosep M. Martí Martí |
| 260 |
_aBarcelona _c2000 _bPòrtic |
||
| 490 | 0 |
_aEines de Periodista _v5 |
|
| 650 | 0 | 4 |
_91724 _aRàdio _xProgramació |
| 650 | 0 | 4 |
_93142 _aGuions radiofònics |
| 942 |
_cMON _2udc |
||
| 999 |
_c657 _d657 |
||